Представление документа в формате RUSMARC

ПолеНазваниеЗначение
  Тип записи a
  Библиографический уровень m
001 Контрольный номер RU/ГПНТБ России/KNIGADB/26.89(2Рос)/Т 74-260718363
005 Дата корректировки 20251219142515.6
010 Индекс ISBN __
a ISBN 978-5-17-158595-2
b Уточнения в пер.
9 Тираж 2000 экз.
d Цена 553-30
100 Данные общей обработки __
a Данные общей обработки 20241225d2023 m y0rusy028902 ca
101 Язык документа 0_
a Язык текста rus
102 Страна публикации __
a Страна публикации RU
105 Кодированные данные (монография) __
a Кодированные данные (монография) y z 000yy
181 Поле кодированных данных: вид содержания _0
a Код вида содержания (ISBD) i
181 Поле кодированных данных: вид содержания _0
a Код вида содержания (ISBD) b
182 Поле кодированных данных: тип средства _0
a Код типа средства (ISBD) n
200 Заглавие и сведения об ответственности 1_
a Заглавие 50 самых красивых и знаменитых городов России
f Первые сведения об ответственности Евгения Тропинина
203 Вид содержания и тип средства __
c Тип средства непосредственный
a Вид содержания Текст
a Вид содержания Изображение
210 Выходные данные 1_
a Место издания Москва
c Издательство АСТ
c Издательство ОГИЗ
d Дата издания 2023
215 Физическое описание __
a Объем 95 с.
c Иллюстрации/тип воспроизводства цв. ил., фот. цв.
d Формат 26 см
225 Серия 2_
a Серия Лучшие места России
330 Аннотация __
a Аннотация На территории нашей необъятной страны насчитывается более тысячи городов, поэтому выбрать из них самые красивые — необычайно сложная задача. Все они — большие и маленькие — прекрасны по-своему, у каждого своя история. Но все же есть нечто общее, что их объединяет: величие помыслов создателей и тот подвиг, который затем совершили их потомки, сохранившие до наших дней уникальные достопримечательности — предмет гордости и восхищения как местных жителей, так и многочисленных туристов. В данную книгу включены 50 самых красивых и знаменитых городов России, многие из них отличаются самобытной историей, уникальной архитектурой, знаковыми местами и памятниками, нередко признанными во всем мире и внесенными в списки Всемирного наследия ЮНЕСКО, а также культурного наследия народов Российской Федерации.
532 Расширенное заглавие 1_
a Расширенное заглавие Пятьдесят самых красивых и знаменитых городов России
606 Тематические рубрики __
a Основная рубрика География
2 Код системы nlr_sh
606 Тематические рубрики __
2 Код системы nlr_sh
a Основная рубрика Страноведение
610 Ключевые слова 0_
a Ключевые слова города России
610 Ключевые слова 0_
a Ключевые слова достопримечательности России
610 Ключевые слова 0_
a Ключевые слова архитектурные памятники
610 Ключевые слова 0_
a Ключевые слова места отдыха
610 Ключевые слова 0_
a Ключевые слова парки
610 Ключевые слова 0_
a Ключевые слова храмы
610 Ключевые слова 0_
a Ключевые слова исторические памятники
686 Индексы других классификаций __
2 Код системы rubbks
a Классификационный индекс 26.890(2Рос); ст26.89(2Рос)
700 Автор _1
a Фамилия Тропинина
b Имя Е. А.
g Полное личное имя Евгения Александровна
4 Код отношения 070
801 Источник записи _0
b Организация ГПНТБ России
a Страна RU
c Дата составления 20241122
g Правила каталогизации PSBO
801 Источник записи _1
b Организация ГПНТБ России
a Страна RU
c Дата составления 20241122
g Правила каталогизации PSBO
852 Данные о местонахождении 5_
j Шифр хранения 26.890(2Рос)
i Авторский знак Т 74
900 Макрообъекты __
a Макрообъекты 50 самых красивых и знаменитых городов России. Тропинина Е.А. 2023
901 Тип документа __
a Ответственный КиК/Обаева
t Тип документа m
903 Характеристики (МАРС) __
a Дата передачи 20241225
c Наименование библиотеки (МАРС) Муниципальное бюджетное учреждение культуры "Централизованная библиотечная система" г. Сургут (Центральная городская библиотека им. А. С. Пушкина)
990 Данные о заказе (DOS) __
j Количество экземпляров (DOS) 2
t N записи в КСУ для И/У (DOS) 202503